Introductory Industrial Sociology (Record no. 87465)

MARC details
000 -LEADER
fixed length control field 00493nam a2200181Ia 4500
008 - FIXED-LENGTH DATA ELEMENTS--GENERAL INFORMATION
fixed length control field 230125s9999 xx 000 0 und d
041 ## - LANGUAGE CODE
Language code of text/sound track or separate title eng
082 ## - DEWEY DECIMAL CLASSIFICATION NUMBER
Classification number 658.3151
Item number SHA/SHA
100 ## - MAIN ENTRY--PERSONAL NAME
Personal name Sharma R K
9 (RLIN) 109615
245 ## - TITLE STATEMENT
Title Introductory Industrial Sociology
260 ## - PUBLICATION, DISTRIBUTION, ETC. (IMPRINT)
Date of publication, distribution, etc. 2003
Name of publisher, distributor, etc. Media promoters & pub
Place of publication, distribution, etc. Mumbai
300 ## - PHYSICAL DESCRIPTION
Extent 440p
500 ## - GENERAL NOTE
Keywords Industrial relation
650 ## - SUBJECT ADDED ENTRY--TOPICAL TERM
Topical term or geographic name as entry element Personnel Management
700 ## - ADDED ENTRY--PERSONAL NAME
Personal name Sharma R K & Sharma R N
9 (RLIN) 110601
906 ## - LOCAL DATA ELEMENT F, LDF (RLIN)
b 14
Holdings
Withdrawn status Lost status Damaged status Not for loan Home library Current library Date acquired Vendor Cost, normal purchase price Bill number Full call number Barcode Date last seen Cost, replacement price Bill Date Koha item type Original Barcode
Withdrawn 2022-23       Smt. Hiraben Nanavati Institute of Management & Research for Women Smt. Hiraben Nanavati Institute of Management & Research for Women 11/01/2006 Goels Computer Hut 90.00 1060 658.3151 SHA/SHA B04855 HIMR-BK-4855 25/01/2023 76.00 09/01/2006 Books B04855